000 00696nam a2200205Ia 4500
008 240729s9999 xx 000 0 und d
022 _a1970-9870
245 0 _aTeMA: Journal of Land Use, Mobility and Environment
260 _aItaly
260 _bUniversità di Napoli Federico II
650 _a Communities. Classes. Races
650 _a Engineering (General). Civil engineering (General)
650 _a Transportation engineering | Social Sciences
650 _a Urban groups. The city. Urban sociology
650 _a Urbanization. City and country
650 _aTechnology
856 _uhttps://doaj.org/toc/295ed47f0cc641b1a043329fd7355863
942 _2ddc
942 _cDOAJEJ
999 _c66904
_d66904
945 _a1
_bMadushi Gamage
_c1
_dMadushi Gamage